| 000 | 01547cam a22001814a 4500 | ||
|---|---|---|---|
| 005 | 20250605163437.0 | ||
| 008 | 250528s ||||||||||||||||||||||||d | ||
| 035 | _a19367 | ||
| 020 | _a9607344588 | ||
| 040 |
_aGR-AtMCL _bgre _dGR-AtMCL _eAACR2 |
||
| 245 | 1 | _aΔιοίκηση Logistics | |
| 260 |
_bΣύγχρονη Εκδοτική, _c1996 |
||
| 300 | _a480 | ||
| 520 | _aΑνάλογα με την ιδιότητα σας σαν επιχειρηματίες ή στελέχη επιχειρήσεων είναι σημαντικό να αντιληφθείτε την έννοια και χρησιμότητα των Logistics. Ο Ρόλος των Logistics στην Οικονομία και στην Επιχείρηση και η διοίκηση των Ολοκληρωμένων Logistics, Τα Κεφάλαια Διανομής, Εξυπηρέτηση Πελατών, Στρατηγικές Αποφάσεις για την Μεταφορά, Στρατηγικές Αποφάσεις για την Αποθήκευση, Πολιτική και Έλεγχος των Logistics, Τεχνικές και Μεθοδολογία των Logistics, Διοίκηση Αποθεμάτων και Χρηματοοικονομικές Επιπτώσεις Αυτών, Διοίκηση Ροής Υλικών, Αγορές, Επεξεργασία Παραγγελιών και Πληροφοριακά Συστήματα Υποστήριξης Αποφάσεων, Βιβλιογραφία. | ||
| 942 | _cBK | ||
| 999 |
_c4623 _d4623 |
||